000 00734nam a2200289Ia 4500
005 20260324133022.0
008 008 260324s9999 xx 000 0 eng d
020 _a9780203494349
037 _aEBOOK
040 _aCRL
040 _beng
040 _cCRL
041 _2eng
041 _aeng
084 _qCRL
100 _aEugénia da Condeição-Heldt
_91191495
245 4 _aThe Common Fisheries Policy in the European Union
245 2 _bA Study in Integrative and Distributive Bargaining
260 _bTaylor and Francis
260 _c2004
365 _a
365 _b160
856 _uhttp://www.taylorfrancis.com/books/9780203494349
942 _cEBOOK
999 _c1790140
_d1790140